000 00378nam a2200133 4500
005 20260530115304.0
100 1 _aZiena Maasri
_931728
245 1 0 _aOf the Wall Grafitti and Postyers Political posters in Lebanese Civil War
264 1 _bLB Tauris
_c2009
300 _a136 páginas
336 _atexto
_2rdacontent
337 _asin medio
_2rdamedia
338 _avolumen
_2rdacarrier
999 _c13016
_d13016